000 00624nam a2200229Ia 4500
003 OSt
005 20230616150244.0
008 210423s2012 xx 000 0 und d
020 _a978-81-203-4613-0
040 _cAL
041 _aeng
082 _a547.028 RATE
_223
100 _aRATNANI (Sonia);GURJAR (Shriniwas)
_9111498
245 _aExperimental organic chemistry
260 _aNew Delhi
_bPHI Learning Pvt Ltd
_c2012
300 _ax,374
_bPB
365 _b325
_cINR
650 _aChemistry
_9111499
650 _aOrganic Chemistry
_9111500
906 _achemistry. ; Experimental ; organic
942 _2ddc
_cBK
999 _c165312
_d165312